Classical dance : the balletgoer's guide to technique and performance /

Bibliographic Details
Main Author: Robbins, Jane E. (Jane Elizabeth), 1948-
Format: Book
Language:English
Published: New York : Holt, Rinehart, and Winston, [1981]
Edition:1st ed.
Subjects:

MARC

Tag First Indicator Second Indicator Subfields
LEADER 00000pam a2200000 i 4500
001 in00000087008
005 20151008064658.0
008 801001s1981 nyua b 00110 eng
010 |a  80024735  
020 |a 0030489415 :  |c $16.95 
035 |a (OCoLC)06863091 
035 |9 AAK4611AM 
040 |a DLC  |c DLC  |d m.c.  |d TXA  |d UtOrBLW 
049 |a TXAM  |c [1362104] 
050 0 0 |a GV1788  |b .R6 
082 0 |a 792.8  |2 19 
100 1 |a Robbins, Jane E.  |q (Jane Elizabeth),  |d 1948- 
245 1 0 |a Classical dance :  |b the balletgoer's guide to technique and performance /  |c Jane Robbins. 
250 |a 1st ed. 
264 1 |a New York :  |b Holt, Rinehart, and Winston,  |c [1981] 
264 4 |c ©1981 
300 |a xvi, 190 pages :  |b illustrations ;  |c 23 cm. 
336 |a text  |b txt  |2 rdacontent 
337 |a unmediated  |b n  |2 rdamedia 
338 |a volume  |b nc  |2 rdacarrier 
504 |a Includes bibliographical references and index. 
650 0 |a Ballet dancing. 
999 |a MARS 
999 f f |s c7ddf899-0b97-357f-81fb-daeb472d55a1  |i 6c27ca32-6ff4-376a-82c9-58bcec336010  |t 0 
952 f f |p ric  |a Texas A&M University  |b Rellis Campus  |c Joint Library Facility  |d Remote Storage  |t 0  |e GV1788 .R6  |h Library of Congress classification  |i unmediated -- volume  |m A14806117674 
998 f f |a GV1788 .R6  |t 0  |l Remote Storage